000 00855nam a2200253Ia 4500
003 OSt
005 20220923223053.0
006 a|||||r|||| 00| 0
007 ta
008 220922b |||||||| |||| 00| 0 hin d
024 _a210,709
037 _cTextual
040 _aARTS
_cARTS
_bhin
041 _2hin
_ahin
082 _aO152,3N32x, N4
100 _aचटर्जी, बुद्धदेव
_9156292
245 0 _aमसुरी एक्सप्रेस में एक रात
246 _aMasurī eksapres mean ek rāta
260 _aदिल्ली
_b अप्रतिम प्रका0
_c1994
300 _a80पृ.
_ccm.
650 _aहिन्दी साहित्य
_9156264
942 _hO152,3N32x, N4
_cTEXL
_2CC
999 _c360988
_d360988